Najczęściej zgadywane stolice Afryki - Statystyki

Ogólne statystyki
  • Ten quiz został rozwiązany 5 365 razy
  • Średni wynik to 7 z 12
Statystyki odpowiedzi
% Stolica % Poprawnych
89 Kair
97%
95 Algier
78%
76 Rabat
78%
72 Tunis
76%
72 Pretoria / Kapsztad / Bloemfontein
75%
72 Nairobi
59%
64 Dakar
54%
65 Trypolis
48%
66 Addis Abeba
43%
67 Antananarywa
41%
71 Dżibuti
26%
63 Bissau
14%
Nie znaleziono quizów pasujących do podanych kryteriów
Rozkład punktacji
Procent ludzi z każdym wynikiem
Percentyl według liczby udzielonych odpowiedzi
Twoja historia wyników
Nie rozwiązałeś tego quizu